000 01319nam a22002777a 4500
005 20170124103153.0
010 _aB-049946
020 _c125.00
_a8185256144
035 _aB-049946
037 _bCen Lib/Ret
040 _aDPL
_bHN
082 _a651.7
_bटण्डन
100 _aटण्डन, पूरनचन्द
_988801
245 _aटिप्पणी लेखन के सिद्धान्त /
_cपूरनचन्द टण्डन [और] प्रकाश चन्द्र भट्ट
246 _aTippani lekhan ke siddhant /
_bby Puran Chand Tandon [aur] Prakash Chandra Bhatt
260 _aदिल्ली
_bविद्यार्थी प्रकाशन
_c2001
270 _aके-71, कृष्ण नगर
_bदिल्ली
_e110051
300 _a128पृ.
_c21सेमी (सजिल्द)
500 _aपरिशिष्ट शामिल
650 _aहिन्दी राजभाषा
_988802
650 _aहिन्दी राजभाषा -- पत्र लेखन
_987826
650 _aHindi Language
_99446
650 _aHindi Language -- Letter writing
_988803
700 _aभट्ट, प्रकाश चन्द्र
_957902
942 _2ddc
_cHN
_h651.7
_mटण्डन
999 _c120154
_d120154